Catalog

Record Details

Catalog Search



A matter of pedigree: Carol and Poopsie  Cover Image Book Book

A matter of pedigree: Carol and Poopsie / Leslie Meier.

Meier, Leslie,: (author.).

Summary:

"Carole Capobianco has always counted her blessings, but it's even more fun now that she and her husband Frank are finally making serious money, thanks to Frank's newly patented Bye-Bye Toilet. With the kids finally on their own, Carole and Frank are empty-nesters, which will give her uninterrupted time to add to her impressive shoe collection--and lavish care on Poopsie, her beloved, very spoiled Brittany spaniel. The cherry on top is a hefty bid on a luxury co-op in a prestige building. But that dream is quickly flushed when the offer is refused by venture capitalist Hosea Brown. Hearing the claim that the Capobiancos won't fit into their wealthy, snooty community, Frank is outraged enough to roar something about killing that 'old Yankee' on his way out the door. Three months later, Carole is shocked by the news that Hosea has been bludgeoned to death. When Carole learns Hosea was one of the backers of a big new construction project for which Frank's company has also been contracted, she's worried. And that worry grows with every new twist in the case that's discovered. Armed with her favorite Jimmy Choos and her beloved, if quirky, Poopsie, Carole sets out to clear Frank's name--and just maybe save their lives"-- Provided by publisher.

Record details

  • ISBN: 149675302X
  • ISBN: 9781496753021
  • Physical Description: 246 pages ; 22 cm.
  • Publisher: New York: Kensington Publishing Corp, 2025.
Subject: Empty nesters > Fiction.
Shoe collection > Fiction.
Murder > Investigation > Fiction.
Brittany spaniel > Fiction.
Providence (R.I.) > Fiction.
Genre: Cozy mysteries.
Detective and mystery fiction.
Novels.

Available copies

  • 1 of 1 copy available at scottsboropl.

Holds

  • 0 current holds with 1 total copy.
Show Only Available Copies
Location Call Number / Copy Notes Barcode Shelving Location Status Due Date
scottsboropl F Mei 32269001288532 Adult - Fiction Available -

LDR 03013cam a2200493 i 4500
001166565
003SBPL
00520250929125344.0
008250117s2025 nyu e 000 1 eng d
020 . ‡a149675302X
020 . ‡a9781496753021 ‡qhardcover
035 . ‡a(OCoLC)1483173949
050 4. ‡aPS
082 4. ‡a813
1001 . ‡aMeier, Leslie,: ‡eauthor.
24512. ‡aA matter of pedigree: ‡bCarol and Poopsie / ‡cLeslie Meier.
264 1. ‡aNew York: ‡bKensington Publishing Corp, ‡c2025.
300 . ‡a246 pages ; ‡c22 cm.
336 . ‡atext ‡btxt ‡2rdacontent
337 . ‡aunmediated ‡bn ‡2rdamedia
338 . ‡avolume ‡bnc ‡2rdacarrier
4901 . ‡aCarol and Poopsie mystery.: ‡vBk 1
520 . ‡a"Carole Capobianco has always counted her blessings, but it's even more fun now that she and her husband Frank are finally making serious money, thanks to Frank's newly patented Bye-Bye Toilet. With the kids finally on their own, Carole and Frank are empty-nesters, which will give her uninterrupted time to add to her impressive shoe collection--and lavish care on Poopsie, her beloved, very spoiled Brittany spaniel. The cherry on top is a hefty bid on a luxury co-op in a prestige building. But that dream is quickly flushed when the offer is refused by venture capitalist Hosea Brown. Hearing the claim that the Capobiancos won't fit into their wealthy, snooty community, Frank is outraged enough to roar something about killing that 'old Yankee' on his way out the door. Three months later, Carole is shocked by the news that Hosea has been bludgeoned to death. When Carole learns Hosea was one of the backers of a big new construction project for which Frank's company has also been contracted, she's worried. And that worry grows with every new twist in the case that's discovered. Armed with her favorite Jimmy Choos and her beloved, if quirky, Poopsie, Carole sets out to clear Frank's name--and just maybe save their lives"-- ‡cProvided by publisher.
650 0. ‡aEmpty nesters ‡vFiction.
650 0. ‡aShoe collection ‡vFiction.
650 0. ‡aMurder ‡xInvestigation ‡vFiction.
650 0. ‡aBrittany spaniel ‡vFiction.
651 0. ‡aProvidence (R.I.) ‡vFiction.
655 7. ‡aCozy mysteries. ‡2lcgft
655 7. ‡aDetective and mystery fiction. ‡2lcgft
655 7. ‡aNovels. ‡2lcgft
8001 . ‡aCarol and Poopsie: ‡vBk 1
8301 . ‡aMeier, Leslie. ‡tCarol and Poopsie mystery.: ‡vBk 1
901 . ‡a166565 ‡bAUTOGEN ‡c166565 ‡tbiblio

Additional Resources